[Event "Pszczyna op"]
[Site "Pszczyna"]
[Date "2009.07.14"]
[Round "1"]
[White "Jaworek, Miroslaw"]
[Black "Piesik, Piotr"]
[Result "0-1"]
[WhiteElo "1885"]
[BlackElo "2209"]
[PlyCount "54"]
[EventDate "2009.07.14"]
[EventType "swiss"]
[EventRounds "9"]
[EventCountry "POL"]
[SourceTitle "CBM 131 Extra"]
[Source "ChessBase"]
[SourceDate "2009.09.03"]
[SourceVersion "2"]
[SourceVersionDate "2009.09.16"]
[SourceQuality "1"]

1. e4 e6 2. d4 d5 3. Be3 dxe4 4. f3 exf3 5. Nxf3 Nf6 6. Bd3 b6 7. 0-0 Bb7 8. c3 Nbd7 9. Nbd2 c5 10. Nc4 Be7 11. Nce5 Qc7 12. Qe2 0-0 13. Bf4 Nxe5 14. dxe5 Nd7 15. Ng5 Bxg5 16. Qh5 h6 17. Bxg5 Qxe5 18. h4 Qd5 19. Rf3 Ne5 20. Be2 Nxf3+ 21. Bxf3 Qd7 22. Rd1 Qc7 23. Bxb7 Qxb7 24. Bxh6 gxh6 25. Rd3 Kh7 26. Rf3 f5 27. Kf2 Qf7 0-1

[Event "Pszczyna op 4th"]
[Site "Pszczyna"]
[Date "2008.07.17"]
[Round "5"]
[White "Jaworek, Miroslaw"]
[Black "Fraczek, Leslaw"]
[Result "1-0"]
[WhiteElo "1838"]
[BlackElo "1937"]
[PlyCount "51"]
[EventDate "2008.07.15"]
[EventType "swiss"]
[EventRounds "9"]
[EventCountry "POL"]
[SourceTitle "CBM 125 Extra"]
[Source "ChessBase"]
[SourceDate "2008.09.01"]
[SourceVersion "1"]
[SourceVersionDate "2008.09.01"]
[SourceQuality "1"]

1. d4 d5 2. Nf3 Nf6 3. c4 c6 4. Nc3 e6 5. Qc2 Nbd7 6. Bg5 Be7 7. cxd5 Nxd5 8. Bxe7 Qxe7 9. e4 Nb4 10. Qd1 a5 11. a3 Na6 12. Bd3 0-0 13. 0-0 h6 14. Re1 Nc7 15. Bc2 Re8 16. d5 cxd5 17. exd5 Ra6 18. Qd3 Nf8 19. Bb3 Rd6 20. Ne4 Rdd8 21. d6 Qd7 22. Ne5 Qb5 23. Qg3 Nd5 24. Bxd5 exd5 25. Nf6+ Kh8 26. Nxf7# 1-0